书目信息 |
| 题名: |
污染场地调查评价与修复
|
|
| 作者: | 杨再福 编著 | |
| 分册: | ||
| 出版信息: | 北京 化学工业出版社 2017.01 |
|
| 页数: | 294页 | |
| 开本: | 26cm | |
| 丛书名: | ||
| 单 册: | ||
| 中图分类: | X508 | |
| 科图分类: | ||
| 主题词: | 场地--环境污染--污染调查 , 场地--环境污染--污染防治 | |
| 电子资源: | ||
| ISBN: | 978-7-122-28624-6 | |
| 000 | 00954nam0 2200241 450 | |
| 001 | 4213 | |
| 005 | 20181010145929.29 | |
| 010 | @a978-7-122-28624-6@dCNY88.00 | |
| 100 | @a20170328d2017 em y0chiy50 ea | |
| 101 | 0 | @achi |
| 102 | @aCN@b110000 | |
| 105 | @aa z 000yy | |
| 200 | 1 | @a污染场地调查评价与修复@9wu ran chang di diao cha ping jia yu xiu fu@dInvestigation assessment and remediation of contaminated sites@f杨再福编著@zeng |
| 210 | @a北京@c化学工业出版社@d2017.01 | |
| 215 | @a294页@c图@d26cm | |
| 330 | @a本书共分为9章,内容包括场地污染与模型、污染场地调查与监测方法、污染场地健康风险评估、场地生态风险评价、污染土壤修复技术、污染地下水修复技术等。 | |
| 510 | 1 | @aInvestigation assessment and remediation of contaminated sites@zeng |
| 606 | 0 | @a场地@x环境污染@x污染调查 |
| 606 | 0 | @a场地@x环境污染@x污染防治 |
| 690 | @aX508@v5 | |
| 701 | 0 | @a杨再福@9yang zai fu@4编著 |
| 801 | 0 | @aCN@b91MARC@c20170328 |
| 905 | @aMuseLib@dX508@e189 | |
| 污染场地调查评价与修复=Investigation assessment and remediation of contaminated sites/杨再福编著.-北京:化学工业出版社,2017.01 |
| 294页:图;26cm |
| ISBN 978-7-122-28624-6:CNY88.00 |
| 本书共分为9章,内容包括场地污染与模型、污染场地调查与监测方法、污染场地健康风险评估、场地生态风险评价、污染土壤修复技术、污染地下水修复技术等。 |
| ● |
| 相关链接 |
|
|
|
|
正题名:污染场地调查评价与修复
索取号:X508/189
 
预约/预借
| 序号 | 登录号 | 条形码 | 馆藏地/架位号 | 状态 | 备注 |
| 1 | 1124076 | 211240762 | 第二样本阅览室/ [索取号:X508/189] | 在馆 | |
| 2 | 1124077 | 211240771 | 第三借阅区/ [索取号:X508/189] | 在馆 | |
| 3 | 1124078 | 211240780 | 第三借阅区/ [索取号:X508/189] | 在馆 | |
| 4 | 1124079 | 211240799 | 第三借阅区/ [索取号:X508/189] | 在馆 | |
| 5 | 1124080 | 211240806 | 资源管理系资料室/ [索取号:X508/189] | 在馆 |